| 000 | 00621cam a2200229 4500 | ||
|---|---|---|---|
| 001 | M83408 | ||
| 008 | 090401t1997 xxu||||| |||| 00| 0 eng d | ||
| 035 | _a(Sirsi) u77786 | ||
| 041 | _aeng | ||
| 050 | _a333.0076 | ||
| 110 |
_aRoyal Institution of Chartered Surveyors _94900 |
||
| 245 | _aAssessment of professional competence : candidates guide. | ||
| 260 |
_aLondon _bRICS _c1997 |
||
| 300 | _a21p. ; 30cm. | ||
| 350 | _a0 | ||
| 650 |
_aAPC _96216 |
||
| 650 |
_aAPC _96216 |
||
| 650 | _aCANDIDATES GUIDE | ||
| 690 | _aMANAGEMENT-BUSINESS MANAGEMENT-PROFESSIONAL PRACTICE | ||
| 942 | _n0 | ||
| 948 | _c17/04/1997 | ||
| 999 |
_c96352 _d96352 |
||